[Event "TROY"]
[Site "SchemingMind.com"]
[Date "2006.09.18"]
[Round "-"]
[White "Orhany24"]
[Black "Rotceh"]
[Result "1-0"]
[WhiteCountry "TUR"]
[BlackCountry "MEX"]
[WhiteElo "1769"]
[WhiteRD "72"]
[BlackElo "1609"]
[BlackRD "64"]
[GameID "67952"]

1. e4 e5 2. Nf3 Nc6 3. Bc4 Nf6 4. O-O Bc5 5. c3 d5 6. exd5 Nxd5 7. d4 Nb6 8. Bb5 exd4 9. cxd4 Be7 10. Nc3 O-O
11. h3 Bd7 12. a3 Nb8 13. Re1 a6 14. Bd3 Be6 15. Bc2 Nc6 16. Qd3 Bf6 17. Qxh7#
1-0

[Event "TROY"]
[Site "SchemingMind.com"]
[Date "2006.09.18"]
[Round "-"]
[White "Rotceh"]
[Black "Orhany24"]
[Result "0-1"]
[WhiteCountry "MEX"]
[BlackCountry "TUR"]
[WhiteElo "1609"]
[WhiteRD "64"]
[BlackElo "1769"]
[BlackRD "72"]
[GameID "67953"]

1. e4 c5 2. Nf3 Nc6 3. d4 cxd4 4. Nxd4 d6 5. Bb5 Bd7 6. O-O a6 7. Nxc6 bxc6 8. Bc4 e6 9. Qd3 a5 10. a3 d5
11. exd5 cxd5 12. Bb5 h6 13. Be3 Nf6 14. Bd4 Be7 15. Bxf6 Bxf6 16. Bxd7+ Qxd7 17. c3 O-O 18. Nd2 Rfb8 19. Rab1 Rb7 20. b4 axb4
21. cxb4 Rc8 22. Nb3 Rc3 23. Qd2 Qb5 24. Rfc1 Rc4 25. Rxc4 dxc4 26. Nc5 Qxc5
0-1

[Event "TROY"]
[Site "SchemingMind.com"]
[Date "2006.09.18"]
[Round "-"]
[White "keen"]
[Black "Orhany24"]
[Result "0-1"]
[WhiteCountry "SCO"]
[BlackCountry "TUR"]
[WhiteElo "1761"]
[WhiteRD "65"]
[BlackElo "1835"]
[BlackRD "68"]
[GameID "68098"]

1. e4 c5 2. Nf3 Nc6 3. d4 cxd4 4. Nxd4 a6 5. c4 d6 6. Be3 Nf6 7. Nc3 Ng4 8. Nxc6 bxc6 9. Bd2 g6 10. Be2 Nf6
11. O-O Bg7 12. Bg5 O-O 13. Qd2 Qb6 14. Be3 c5 15. Rab1 Qc7 16. Bh6 Bb7 17. Bxg7 Kxg7 18. Bf3 Bc6 19. b3 Nd7 20. Nd5 Qd8
21. Qc3+ Kg8 22. Rbe1 Ne5 23. Bd1 e6 24. Ne3 Qc7 25. f4 Nd7 26. Ng4 h5 27. Nf6+ Nxf6 28. Qxf6 a5 29. Bxh5 Qd8 30. Qxd8 Rfxd8
31. Bf3 d5 32. exd5 exd5 33. cxd5 Bxd5 34. Bxd5 Rxd5 35. Rd1 Rad8 36. Rc1 f5 37. Rc4 Kf7 38. Ra4 Ra8 39. Re1 Ra6 40. a3 Rd4
41. Rxd4 cxd4 42. Re5 a4 43. b4 Rd6 44. Kf1 d3 45. Ke1 d2+ 46. Kd1 Rd3 47. Re2 Rxa3 48. Rxd2 Rb3 49. b5 Rxb5 50. Ra2 Rb4
51. g3 Ke6 52. Kd2 Rc4 53. Ra3 Kd5 54. Rd3+ Rd4 55. Kc3 Rxd3+ 56. Kxd3 a3 57. Kc3 Ke4 58. Kb3 Kf3 59. Kxa3 Kg2
0-1

[Event "TROY"]
[Site "SchemingMind.com"]
[Date "2006.09.18"]
[Round "-"]
[White "keen"]
[Black "Rotceh"]
[Result "0-1"]
[WhiteCountry "SCO"]
[BlackCountry "MEX"]
[WhiteElo "1736"]
[WhiteRD "61"]
[BlackElo "1647"]
[BlackRD "58"]
[GameID "68099"]

1. e4 e5 2. Nf3 Nc6 3. Bb5 Nd4 4. Nxd4 exd4 5. O-O c6 6. Bc4 Bc5 7. Qh5 d5 8. exd5 Nf6 9. Re1+ Be7 10. Qe5 cxd5
11. Bb5+ Bd7 12. Bxd7+ Qxd7 13. d3 Kf8 14. Qxd4 b6 15. Bg5 Bc5 16. Qh4 Qf5 17. Bxf6 Qxf6 18. Qxf6 gxf6 19. Nc3 Bb4 20. a3 Bxc3
21. bxc3 Rc8 22. Kf1 Rxc3 23. Re2 Rg8 24. Rae1 Rc7 25. Re8+ Kg7 26. R8e7 Rgc8 27. h3 Kf8 28. Rxc7 Rxc7 29. Re3 Rxc2 30. Re2 Rc3
31. Rd2 Rxa3 32. Ke2 d4 33. Rc2 Rc3 34. Ra2 a5 35. Rb2 Rc6 36. Kd2 Ke7 37. Ra2 f5 38. g3 Rc5 39. f4 Kd7 40. Ra4 Rd5
41. Ke2 Kc6 42. Rc4+ Kb7 43. Kd2 b5 44. Rc2 b4 45. Rc4 b3 46. Kc1 Kb6 47. Kb2 Rd7 48. Kxb3 f6 49. Ka4 Rg7 50. Rxd4 Rxg3
51. Rd6+ Kc7 52. Rxf6 Rxd3 53. Rxf5 Kd6 54. Rxa5 Rxh3 55. f5 h5 56. f6 Ke6 57. Ra6+ Kf7 58. Kb4 Rf3 59. Ra5 h4 60. Rh5 Rf4+
61. Kc5 Kxf6 62. Kd6 Kg6 63. Rh8 Kf5 64. Kd5 Kg4 65. Ke5 Kf3 66. Rh7 Kg3 67. Rh6 Rb4 68. Kf5 h3 69. Rc6 Rb3 70. Rg6+ Kf2
71. Rh6 Kg2
0-1

[Event "TROY"]
[Site "SchemingMind.com"]
[Date "2006.09.18"]
[Round "-"]
[White "Orhany24"]
[Black "keen"]
[Result "1/2-1/2"]
[WhiteCountry "TUR"]
[BlackCountry "SCO"]
[WhiteElo "1835"]
[WhiteRD "68"]
[BlackElo "1761"]
[BlackRD "65"]
[GameID "68100"]

1. e4 e5 2. Nf3 Nc6 3. Bc4 Bc5 4. c3 Nf6 5. d4 exd4 6. cxd4 Bb4+ 7. Bd2 Qe7 8. O-O Bxd2 9. Nbxd2 O-O 10. e5 Ng4
11. h3 Nh6 12. Re1 d6 13. Nf1 Bd7 14. Ng3 Rae8 15. Qd2 dxe5 16. dxe5 Be6 17. Qc3 Bxc4 18. Qxc4 Qe6 19. Qb5 Rb8 20. Ng5 Qe7
21. Nf3 Qb4 22. Qxb4 Nxb4 23. Rec1 Nc6 24. a3 Rfe8 25. Re1 Re7 26. Re3 Rbe8 27. Rae1 Kf8 28. b3 Rd8 29. Kh2 Rd5 30. e6 Rxe6
31. Rxe6 fxe6 32. Rxe6 Rd3 33. Re3 Rd1 34. Ng5 Nd4 35. Nxh7+ Kf7 36. Ng5+ Kf8 37. Ne6+ Nxe6 38. Rxe6 Rd3 39. Re3 Rxe3 40. fxe3 Kf7
41. Kg1 Ke6 42. Kf2 Nf5 43. Nxf5 Kxf5 44. Kf3 c5 45. g4+ Ke5 46. e4 g5 47. Ke3 a6 48. Kd3 b6 49. Ke3 Ke6 50. Kd3 Ke5
51. Ke3 Ke6 52. Kd3=
1/2-1/2

[Event "TROY"]
[Site "SchemingMind.com"]
[Date "2006.09.18"]
[Round "-"]
[White "Rotceh"]
[Black "keen"]
[Result "0-1"]
[WhiteCountry "MEX"]
[BlackCountry "SCO"]
[WhiteElo "1620"]
[WhiteRD "60"]
[BlackElo "1761"]
[BlackRD "65"]
[GameID "68101"]

1. d4 Nf6 2. c4 g6 3. Nc3 Bg7 4. Nf3 O-O 5. e4 d6 6. Be2 e5 7. d5 Nbd7 8. Be3 Ng4 9. Bd2 f5 10. h3 Ngf6
11. exf5 gxf5 12. Nh4 Ne4 13. Nxe4 Qxh4 14. Ng3 Nc5 15. Qc2 f4 16. Ne4 Bf5 17. Bf3 a5 18. a3 a4 19. Rd1 Nb3 20. Qc3 Bxe4
21. Bxe4 f3 22. gxf3 Nxd2 23. Qxd2 Rf4 24. Ke2 Raf8 25. Rdg1 Rxe4+ 26. fxe4 Rxf2+ 27. Ke3 Rxd2 28. Kxd2 Qxe4 29. Kc3 Qd4+ 30. Kb4 Qc5+
31. Kxa4 Qxc4+ 32. b4 Qxd5 33. Rd1 b5+
0-1

[Event "TROY"]
[Site "SchemingMind.com"]
[Date "2006.09.24"]
[Round "-"]
[White "Everland"]
[Black "Orhany24"]
[Result "0-1"]
[WhiteCountry "GBR"]
[BlackCountry "TUR"]
[WhiteElo "1524"]
[WhiteRD "103"]
[BlackElo "1835"]
[BlackRD "68"]
[GameID "68873"]

1. e4 c5 2. Nf3 Nc6 3. d4 cxd4 4. Nxd4 d6 5. Nc3 a6 6. Be2 h6 7. O-O Nf6 8. Be3 e6 9. Nb3 Be7 10. f4 O-O
11. a3 b6 12. Nd4 Bb7 13. Bf3 Qc7 14. f5 Nxd4 15. Bxd4 Rad8 16. Qd3 b5 17. b3 d5 18. exd5 exd5 19. Bxd5 Bxd5 20. Nxd5 Rxd5
21. c4 Rxd4 22. Qxd4 Bc5 23. Qf2 Ne4 24. Qxc5 Qxc5+ 25. Kh1 Nf2+
0-1

[Event "TROY"]
[Site "SchemingMind.com"]
[Date "2006.09.24"]
[Round "-"]
[White "Everland"]
[Black "keen"]
[Result "0-1"]
[WhiteCountry "GBR"]
[BlackCountry "SCO"]
[WhiteElo "1524"]
[WhiteRD "103"]
[BlackElo "1761"]
[BlackRD "65"]
[GameID "68874"]

1. d4 d5 2. Nc3 Nf6 3. Nf3 Bg4 4. e3 e6 5. Bb5+ c6 6. Be2 Bd6 7. O-O O-O 8. Ne5 Bxe2 9. Nxe2 Nbd7 10. Nf3 Qc7
11. g3 h5 12. a3 e5 13. b4 e4 14. Ng5 h4 15. Nf4 Qd8 16. c3 g6 17. gxh4 Kg7 18. Kh1 Rh8 19. Ng2 Qc7 20. f4 Rh5
21. Qe2 Rah8 22. c4 Nf8 23. c5 Be7 24. Nxe4 Nxe4 25. Qg4 Bxh4 26. Kg1 Bg3 27. hxg3 Rh1#
0-1

[Event "TROY"]
[Site "SchemingMind.com"]
[Date "2006.09.24"]
[Round "-"]
[White "Everland"]
[Black "Rotceh"]
[Result "1-0"]
[WhiteCountry "GBR"]
[BlackCountry "MEX"]
[WhiteElo "1699"]
[WhiteRD "141"]
[BlackElo "1609"]
[BlackRD "64"]
[GameID "68875"]

1. d4 Nf6 2. Nc3 Nc6 3. Nf3 e6 4. a3 d5 5. Bg5 Be7 6. e3 O-O 7. Bd3 h6 8. Bxh6 gxh6 9. O-O Nh7 10. Bxh7+ Kxh7
11. Qd3+ Kh8 12. e4 Rg8 13. Ne5 Nxe5 14. dxe5 dxe4 15. Qe3 c5 16. Qxh6#
1-0

[Event "TROY"]
[Site "SchemingMind.com"]
[Date "2006.09.24"]
[Round "-"]
[White "Orhany24"]
[Black "Everland"]
[Result "1-0"]
[WhiteCountry "TUR"]
[BlackCountry "GBR"]
[WhiteElo "1835"]
[WhiteRD "68"]
[BlackElo "1524"]
[BlackRD "103"]
[GameID "68876"]

1. e4 e5 2. Nf3 Nc6 3. Bc4 Bb4 4. c3 Bc5 5. d4 Bd6 6. Ng5 Qf6 7. Nxf7 Qg6 8. O-O Qxe4 9. Nxh8 Nf6 10. Nf7 Be7
11. Ng5 Qf5 12. h3 h6 13. g4 Qg6 14. Bf7+ Qxf7 15. Nxf7 Kxf7 16. d5 Na5 17. b4 Nc4 18. Nd2 Nb6 19. f4 exf4 20. Rxf4 Nxd5
21. Qb3 Ke8 22. Rf1 d6 23. Nf3 Be6 24. Nd4 Bf7 25. c4 Nb6 26. Bb2 Ne4 27. Rxf7
1-0

[Event "TROY"]
[Site "SchemingMind.com"]
[Date "2006.09.24"]
[Round "-"]
[White "keen"]
[Black "Everland"]
[Result "1-0"]
[WhiteCountry "SCO"]
[BlackCountry "GBR"]
[WhiteElo "1761"]
[WhiteRD "65"]
[BlackElo "1524"]
[BlackRD "103"]
[GameID "68877"]

1. e4 e5 2. Nf3 Nc6 3. Bb5 Nf6 4. O-O Bc5 5. c3 O-O 6. Qe2 d5 7. d3 a6 8. Ba4 b5 9. Bc2 d4 10. Bg5 Bg4
11. h3 Bh5 12. Nbd2 h6 13. Bh4 g5 14. Bg3 Re8 15. Qe1 dxc3 16. bxc3 b4 17. Nxe5 Nxe5 18. Bxe5 Bd6 19. Bxd6 Qxd6 20. cxb4 Qxb4
21. Rb1 Qc3 22. Qc1 Be2 23. Re1 Bxd3 24. Bxd3 Qxd3 25. Rb3 Qd4 26. Nf3 Qa4 27. Nxg5 Nxe4 28. Nxe4 Rxe4 29. Rg3+ Kf8 30. Qc5+ Ke8
31. Rg8+ Kd7 32. Qd5+
1-0

[Event "TROY"]
[Site "SchemingMind.com"]
[Date "2006.09.24"]
[Round "-"]
[White "Rotceh"]
[Black "Everland"]
[Result "1-0"]
[WhiteCountry "MEX"]
[BlackCountry "GBR"]
[WhiteElo "1620"]
[WhiteRD "60"]
[BlackElo "1524"]
[BlackRD "103"]
[GameID "68878"]

1. Nc3 Nf6 2. f4 d5 3. e3 Bg4 4. Be2 Bf5 5. Nf3 e6 6. Nh4 Bg4 7. Bxg4 Nfd7 8. Nf3 Qh4+ 9. Nxh4 Be7 10. Nf3 O-O
11. d4 f5 12. Bh3 c5 13. Nb5 Nc6 14. Nc7 Rac8 15. Nxe6 Rf6 16. Nxc5 Nxc5 17. dxc5 Bxc5 18. Qxd5+ Kh8 19. Bxf5 Nb4 20. Qxb7 Rcf8
21. a3
1-0

[Event "TROY"]
[Site "SchemingMind.com"]
[Date "2006.09.25"]
[Round "-"]
[White "capablanca"]
[Black "Orhany24"]
[Result "0-1"]
[WhiteCountry "GER"]
[BlackCountry "TUR"]
[WhiteElo "1633"]
[WhiteRD "55"]
[BlackElo "1769"]
[BlackRD "72"]
[GameID "68984"]

1. e4 c5 2. Nf3 Nc6 3. d4 cxd4 4. Nxd4 d6 5. Nc3 a6 6. Be3 Nf6 7. f3 e6 8. Qd2 Be7 9. O-O-O O-O 10. g4 h6
11. g5 hxg5 12. Bxg5 Nxe4 13. Bxe7 Nxd2 14. Bxd8 Nxf1 15. Be7 Ne3 16. Bxf8 Nxd1 17. Rxd1 Nxd4 18. Rxd4 Kxf8 19. Rxd6 Ke7 20. Rd4 Bd7
21. Ne4 Bc6 22. f4 Rh8
0-1

[Event "TROY"]
[Site "SchemingMind.com"]
[Date "2006.09.25"]
[Round "-"]
[White "capablanca"]
[Black "keen"]
[Result "0-1"]
[WhiteCountry "GER"]
[BlackCountry "SCO"]
[WhiteElo "1633"]
[WhiteRD "55"]
[BlackElo "1831"]
[BlackRD "67"]
[GameID "68985"]

1. e4 e6 2. d3 c5 3. Nf3 Nc6 4. g3 Nf6 5. Bg2 Be7 6. Nc3 O-O 7. O-O a6 8. Be3 d5 9. exd5 exd5 10. Bg5 h6
11. Bf4 Bd6 12. Bxd6 Qxd6 13. Re1 Be6 14. a3 Rfe8 15. Qd2 Rad8 16. Re2 Bg4 17. Rae1 Rxe2 18. Rxe2 Nd4 19. Re3 Nxf3+ 20. Bxf3 d4
21. Bxg4 dxe3
0-1

[Event "TROY"]
[Site "SchemingMind.com"]
[Date "2006.09.25"]
[Round "-"]
[White "capablanca"]
[Black "Rotceh"]
[Result "0-1"]
[WhiteCountry "GER"]
[BlackCountry "MEX"]
[WhiteElo "1613"]
[WhiteRD "57"]
[BlackElo "1605"]
[BlackRD "65"]
[GameID "68986"]

1. e4 Nf6 2. Nc3 Nc6 3. Nf3 d6 4. d3 e5 5. g3 d5 6. Bg2 dxe4 7. dxe4 Qxd1+ 8. Kxd1 Bc5 9. Rf1 Ng4 10. Ke2 b6
11. h3 Ba6+
0-1

[Event "TROY"]
[Site "SchemingMind.com"]
[Date "2006.09.25"]
[Round "-"]
[White "capablanca"]
[Black "Everland"]
[Result "1-0"]
[WhiteCountry "GER"]
[BlackCountry "GBR"]
[WhiteElo "1718"]
[WhiteRD "56"]
[BlackElo "1522"]
[BlackRD "102"]
[GameID "68987"]

1. e4 e5 2. Nf3 Nc6 3. Bc4 Nf6 4. d3 Bb4+ 5. c3 Be7 6. O-O O-O 7. a3 d5 8. exd5 Nxd5 9. Re1 Bf6 10. Nbd2 Bg4
11. h3 Bf5 12. Ne4 Nb6 13. Nxf6+ Qxf6 14. Bb3 h6 15. Be3 Nd7 16. Nd2 Bxd3 17. Bc2 Qd6 18. Ne4 Bxe4 19. Bxe4 Nf6 20. Bc2 b6
21. Qf3 Rad8 22. Rad1 Qe6 23. Bf5 Qc4 24. b3 Qxc3 25. Rc1 Qxb3 26. Qxc6 a5 27. Bxh6 Rfe8 28. Bg5 Rd6 29. Qxc7 Qxa3 30. Rc3 Nd5
31. Rxa3 Nxc7 32. Ra4 f6 33. Be3 Nd5 34. Be4 Nc3 35. Rc4 Nxe4 36. Rxe4 b5 37. Rg4 a4 38. Ra1 Ra8 39. Rb4 Rd5 40. Kf1 Kf7
41. Ke2 Ke6 42. Bc1 Kd6 43. Ba3 Kc6 44. Rc1+ Rc5 45. Rxc5+ Kxc5 46. Rxa4+
1-0

[Event "TROY"]
[Site "SchemingMind.com"]
[Date "2006.09.25"]
[Round "-"]
[White "Orhany24"]
[Black "capablanca"]
[Result "1-0"]
[WhiteCountry "TUR"]
[BlackCountry "GER"]
[WhiteElo "1769"]
[WhiteRD "72"]
[BlackElo "1633"]
[BlackRD "55"]
[GameID "68988"]

1. e4 c5 2. Nf3 Nc6 3. d4 cxd4 4. Nxd4 d6 5. c4 g6 6. Nc3 Bg7 7. Be3 Nf6 8. f3 O-O 9. Qd2 Na5 10. Be2 Bd7
11. O-O Rc8 12. b3 a6 13. h3 e6 14. Rad1 Nc6 15. f4 Nxd4 16. Bxd4 Bc6 17. Bf3 b5 18. cxb5 Bxb5 19. Nxb5 axb5 20. Kh1 Ne8
21. Bxg7 Nxg7 22. Qxd6 Qxd6 23. Rxd6 Rc2 24. a4 bxa4 25. bxa4 Ra8 26. Ra1 Rc4 27. a5 Ne8 28. Rd7 Nc7 29. Kh2 Na6 30. Kg3 Nc5
31. Rc7 Nxe4+ 32. Bxe4 Rxe4 33. Rb7 Rd4 34. a6 Kg7 35. a7 Rdd8 36. Kf3 Kf6 37. Ke4 h6 38. g4 Kg7= 39. h4 h5 40. g5 Kf8
41. Ra6 Kg7 42. Rxe6
1-0

[Event "TROY"]
[Site "SchemingMind.com"]
[Date "2006.09.25"]
[Round "-"]
[White "keen"]
[Black "capablanca"]
[Result "0-1"]
[WhiteCountry "SCO"]
[BlackCountry "GER"]
[WhiteElo "1736"]
[WhiteRD "61"]
[BlackElo "1659"]
[BlackRD "57"]
[GameID "68989"]

1. e4 e5 2. Nf3 Nc6 3. Bb5 a6 4. Ba4 Nf6 5. O-O b5 6. Bb3 Be7 7. Re1 O-O 8. c3 d6 9. h3 Na5 10. Bc2 c5
11. d4 Qc7 12. Nbd2 Nc6 13. d5 Nd8 14. Nf1 c4 15. Ng3 Nb7 16. Be3 Nc5 17. Qd2 Re8 18. Red1 Bf8 19. Nh2 g6 20. Bh6 a5
21. Bxf8 Rxf8 22. f4 exf4 23. Qxf4 Nfd7 24. h4 Qb6 25. Kh1 Ne5 26. h5 Ncd3 27. Bxd3 Nxd3 28. Rxd3 cxd3 29. Qf6 Qd8 30. Qd4 f5
31. h6 Qf6 32. Qxd3 fxe4 33. Nxe4 Qh4 34. Qd4 Qxh6 35. Nf6+ Rxf6 36. Qxf6 Qf8 37. Rf1 Bf5 38. Qd4 Qg7 39. Qb6 Bd3 40. Rd1 Be2
41. Re1 Bd3 42. Qxd6 Qf7 43. Re7 Qf5 44. Qc6 Rf8 45. Qb7 Qf6 46. d6 Rf7 47. Re8+ Kg7 48. d7 Bf5 49. Qb8 Bxd7 50. Rg8+ Kh6
51. Qg3 Qf4 52. Qxf4+ Rxf4 53. Rd8 Bf5 54. Nf3 Kg7 55. Kg1 Re4 56. Rb8 b4 57. Nd4 bxc3 58. bxc3 Re1+ 59. Kf2 Ra1 60. Nxf5+ gxf5
61. Rb2 Rc1 62. Rb7+ Kg6 63. Rb3 Rc2+ 64. Kf3 Rxa2 65. c4 a4 66. Rb6+ Kg5 67. c5 Rc2 68. Ra6 Rc3+ 69. Kf2 a3 70. c6 Rc2+
71. Kg3 a2 72. c7 Rxc7 73. Rxa2 h5 74. Ra4 Rc3+ 75. Kf2 h4 76. Rd4 Rg3 77. Rd5 Ra3 78. Rc5 Kg4 79. Rb5 Ra2+ 80. Kg1 f4
81. Rb3 Re2 82. Kf1 Re3 83. Rb2 Kg3 84. Rc2 Ra3 85. Rc1 Ra2 86. Rc3+ Kg4 87. Rd3 Ra8 88. Kf2 Re8 89. Rc3 Re3 90. Rc4 h3
91. gxh3+ Rxh3 92. Kg2 Ra3 93. Rd4 Ra2+ 94. Kf1 Kg3 95. Rd3+ f3 96. Rd1 Rh2
0-1

[Event "TROY"]
[Site "SchemingMind.com"]
[Date "2006.09.25"]
[Round "-"]
[White "Rotceh"]
[Black "capablanca"]
[Result "0-1"]
[WhiteCountry "MEX"]
[BlackCountry "GER"]
[WhiteElo "1609"]
[WhiteRD "64"]
[BlackElo "1633"]
[BlackRD "55"]
[GameID "68990"]

1. g4 Nc6 2. Bg2 d5 3. c4 dxc4 4. Qa4 Bd7 5. Qxc4 Rb8 6. b4 Ne5 7. Qb3 Nxg4 8. Bb2 N4f6 9. a4 g6 10. Nc3 Bg7
11. Ne4 Be6 12. Qe3 Nd5 13. Qa3 Bxb2 14. Qxb2 Ngf6 15. Nc5 Qd6 16. Nxe6 Qxe6 17. Rc1 O-O 18. Qd4 a6 19. Nh3 Rfd8 20. Ng5 Qf5
21. Qh4 Nf4 22. Bf3 Kg7 23. O-O h6 24. Nxf7 Kxf7 25. Rc5 N6d5 26. Bxd5+ Rxd5 27. Rxc7 Qg5+ 28. Qxg5 Rxg5+ 29. Kh1 Nxe2 30. Re1 Re5
31. d4 Ng3+
0-1

[Event "TROY"]
[Site "SchemingMind.com"]
[Date "2006.09.25"]
[Round "-"]
[White "Everland"]
[Black "capablanca"]
[Result "0-1"]
[WhiteCountry "GBR"]
[BlackCountry "GER"]
[WhiteElo "1524"]
[WhiteRD "103"]
[BlackElo "1673"]
[BlackRD "51"]
[GameID "68991"]

1. e4 e5 2. Nf3 Nc6 3. d4 exd4 4. Nxd4 Bc5 5. Be3 Nxd4 6. c3 Ne6 7. Bc4 Ne7 8. Bxc5 Nxc5 9. Qd4 Ne6 10. Bxe6 dxe6
11. Qxg7 Rg8 12. Qxh7 Rxg2 13. Qh8+ Ng8 14. Na3 Qd3 15. e5 b6 16. Rd1 Qe4+ 17. Kf1 Ba6+ 18. c4 Rg5 19. Rg1 Rxg1+ 20. Kxg1 Qg4+
21. Kh1 Qxd1+ 22. Kg2 Bb7+ 23. Kg3 Qf3+ 24. Kh4 Qxf2+ 25. Kg5 Qf5+ 26. Kh4 Qf4+ 27. Kh5 Bf3#
0-1

[Event "TROY"]
[Site "SchemingMind.com"]
[Date "2006.09.25"]
[Round "-"]
[White "jayfive"]
[Black "capablanca"]
[Result "0-1"]
[WhiteCountry "GBR"]
[BlackCountry "GER"]
[WhiteElo "1438"]
[WhiteRD "89"]
[BlackElo "1633"]
[BlackRD "55"]
[GameID "68995"]

1. e4 e5 2. Nc3 Bc5 3. d3 d6 4. Nf3 Bg4 5. Be2 Nf6 6. h3 Bxf3 7. Bxf3 Nc6 8. Nd5 Nxd5 9. exd5 Nd4 10. Be3 Nxf3+
11. gxf3 Bb6 12. c4 Qh4 13. Ke2 Bd4 14. Qd2 O-O-O 15. Rag1 f5 16. f4 Bxe3 17. Qxe3 exf4 18. Qe6+ Kb8 19. Qxf5 Rde8+ 20. Kf1 f3
21. Rxg7 Qh6 22. Qd7 Qc1#
0-1

[Event "TROY"]
[Site "SchemingMind.com"]
[Date "2006.09.25"]
[Round "-"]
[White "jayfive"]
[Black "Orhany24"]
[Result "0-1"]
[WhiteCountry "GBR"]
[BlackCountry "TUR"]
[WhiteElo "1463"]
[WhiteRD "87"]
[BlackElo "1835"]
[BlackRD "68"]
[GameID "68996"]

1. d4 d5 2. Nc3 e6 3. e4 dxe4 4. Nxe4 c5 5. Bg5 Qxd4 6. Qxd4 cxd4 7. O-O-O h6 8. Bh4 g5 9. Bg3 a6 10. Rxd4 Nc6
11. Rd1 e5 12. Nf3 f5 13. Nc3 f4 14. Bxf4 gxf4 15. Nd5 Kf7 16. Bc4 Be6 17. Rhe1 Bg7 18. b3 Nge7 19. Nc7 Bxc4 20. Nxa8 Bxb3
21. Nb6 Bxa2 22. Rd7 Be6 23. Rxb7 Rb8 24. Rd7 Rxb6 25. Re4 Bxd7 26. Kd1 Bf5 27. Rc4 Bg4 28. Rc3 Bxf3+ 29. gxf3 e4 30. Ra3 exf3
31. Rxf3 Be5 32. Kd2 a5 33. Kd3 a4 34. c4 Rb3+ 35. Ke4 Rxf3
0-1

[Event "TROY"]
[Site "SchemingMind.com"]
[Date "2006.09.25"]
[Round "-"]
[White "jayfive"]
[Black "keen"]
[Result "0-1"]
[WhiteCountry "GBR"]
[BlackCountry "SCO"]
[WhiteElo "1438"]
[WhiteRD "89"]
[BlackElo "1831"]
[BlackRD "67"]
[GameID "68997"]

1. Nf3 Nf6 2. d4 d6 3. e3 g6 4. Bb5+ c6 5. Ba4 Bg7 6. Nc3 O-O 7. e4 Nbd7 8. O-O b5 9. Bb3 a5 10. d5 a4
11. dxc6 Nc5 12. Bd5 Nxd5 13. Nxd5 e6 14. Nb4 Nxe4 15. Qd3 Nc5 16. Qxb5 Ba6 17. Nxa6 Rxa6 18. Bf4 Rb6 19. Qa5 Rxc6 20. Qb4 Qb8
21. Qd4 Bxd4
0-1

[Event "TROY"]
[Site "SchemingMind.com"]
[Date "2006.09.25"]
[Round "-"]
[White "jayfive"]
[Black "Rotceh"]
[Result "0-1"]
[WhiteCountry "GBR"]
[BlackCountry "MEX"]
[WhiteElo "1438"]
[WhiteRD "89"]
[BlackElo "1609"]
[BlackRD "64"]
[GameID "68998"]

1. e4 d5 2. Nc3 d4 3. Nd5 e5 4. d3 c6 5. Bg5 Qxg5 6. Nc7+ Kd8 7. Nxa8 Bb4+ 8. Ke2 Bg4+ 9. Nf3 Ne7 10. h3 Bxf3+
11. gxf3 Ng6 12. Rc1 Nf4#
0-1

[Event "TROY"]
[Site "SchemingMind.com"]
[Date "2006.09.25"]
[Round "-"]
[White "jayfive"]
[Black "Everland"]
[Result "1-0"]
[WhiteCountry "GBR"]
[BlackCountry "GBR"]
[WhiteElo "1463"]
[WhiteRD "87"]
[BlackElo "1524"]
[BlackRD "103"]
[GameID "68999"]

1. d4 d5 2. Nf3 Nc6 3. e3 Bg4 4. Bb5 Qd7 5. Nc3 a6 6. Ba4 e6 7. h3 Bf5 8. Ne5 Qd6 9. Qf3 Nf6 10. O-O O-O-O
11. Nxf7 Qe7 12. Nxh8 g6 13. Re1 Bg7 14. Qf4 Bxh8 15. Rb1 Nh5 16. Qf3 e5 17. e4 dxe4 18. Nxe4 Qb4 19. Bd2 Qxa4 20. Qb3 Qxd4
21. Rbd1 Nf6 22. Bc3 Qc5 23. Nxc5 e4 24. Qxb7#
1-0

[Event "TROY"]
[Site "SchemingMind.com"]
[Date "2006.09.25"]
[Round "-"]
[White "capablanca"]
[Black "jayfive"]
[Result "1-0"]
[WhiteCountry "GER"]
[BlackCountry "GBR"]
[WhiteElo "1633"]
[WhiteRD "55"]
[BlackElo "1438"]
[BlackRD "89"]
[GameID "69000"]

1. e4 e5 2. Nf3 Nc6 3. Bc4 Nf6 4. d3 d5 5. exd5 Nxd5 6. O-O Nf4 7. Re1 Bd6 8. Bxf4 O-O 9. Nxe5 Bh3 10. gxh3 Qh4
11. Qg4 Qf6 12. Bg5 Nxe5 13. Qg2 Qf3 14. Nd2 Qf5 15. Bh6 Ng6 16. Bg5 h6 17. Be3 b6 18. Ne4 Rae8 19. Nxd6 cxd6 20. Kh1 Re5
21. Rg1 Rc8 22. Qxg6 Qxg6 23. Rxg6 d5 24. Rxg7+ Kxg7 25. Bd4 Re8 26. Bxd5 Kf8 27. Bxe5 Rxe5 28. Bb3 f5 29. Rg1 a5 30. Rg6 Ke7
31. Rxb6 Kd8 32. Rxh6 f4 33. Kg2 Ke7 34. Kf3 Rf5 35. Rh4
1-0

[Event "TROY"]
[Site "SchemingMind.com"]
[Date "2006.09.25"]
[Round "-"]
[White "Orhany24"]
[Black "jayfive"]
[Result "1-0"]
[WhiteCountry "TUR"]
[BlackCountry "GBR"]
[WhiteElo "1769"]
[WhiteRD "72"]
[BlackElo "1438"]
[BlackRD "89"]
[GameID "69001"]

1. e4 e5 2. Nf3 Nc6 3. Bc4 Nf6 4. O-O Bc5 5. c3 Nxe4 6. d4 exd4 7. cxd4 Bb6 8. d5 Nb4 9. Qe1 Qe7 10. Bg5 f6
11. Nbd2 Nc2 12. Qxe4 Nxa1 13. Qb1 fxg5 14. Re1 d6 15. Rxe7+ Kxe7 16. Qxa1 Bd7 17. Nxg5 Rhf8 18. Qe1+ Kf6 19. Ndf3 Rae8 20. Qc3+ Kf5
21. Bd3+ Kg4 22. Qc4+ Rf4 23. h3+ Kh5 24. Qxf4 g6 25. Qh4#
1-0

[Event "TROY"]
[Site "SchemingMind.com"]
[Date "2006.09.25"]
[Round "-"]
[White "keen"]
[Black "jayfive"]
[Result "1-0"]
[WhiteCountry "SCO"]
[BlackCountry "GBR"]
[WhiteElo "1831"]
[WhiteRD "67"]
[BlackElo "1438"]
[BlackRD "89"]
[GameID "69002"]

1. e4 e5 2. Nf3 d6 3. d4 Nc6 4. Bb5 Bd7 5. c3 a6 6. Ba4 g6 7. dxe5 dxe5 8. O-O Nf6 9. Re1 Bc5 10. Nbd2 Be6
11. Qe2 b6 12. Bxc6+ Nd7 13. Bxa8 Qxa8 14. Ng5 Bf5 15. exf5 gxf5 16. Nc4 Rg8 17. Nxe5 Be7 18. Nc6 Kf8 19. Qxe7+ Kg7 20. Qxf7+ Kh6
21. Qxh7#
1-0

[Event "TROY"]
[Site "SchemingMind.com"]
[Date "2006.09.25"]
[Round "-"]
[White "Rotceh"]
[Black "jayfive"]
[Result "1-0"]
[WhiteCountry "MEX"]
[BlackCountry "GBR"]
[WhiteElo "1620"]
[WhiteRD "60"]
[BlackElo "1463"]
[BlackRD "87"]
[GameID "69003"]

1. g4 e5 2. Bg2 d5 3. c4 c6 4. cxd5 cxd5 5. Nc3 Bxg4 6. Nxd5 Be6 7. Qa4+ Bd7 8. Qb3 Nf6 9. Nxf6+ Qxf6 10. Bxb7 Be6
11. Qc3 Nd7 12. Bxa8 Nc5 13. b4 Nd7 14. Qc8+ Qd8 15. Qxd8+ Kxd8 16. a3 Be7 17. Bb2 Kc7 18. Bg2 Rc8 19. Rc1+ Kd8 20. Rxc8+ Kxc8
21. Nf3 Bd6 22. Ng5 Nb6 23. Nxe6 fxe6 24. Be4 Nc4 25. Bc1 h6 26. h4 Kd7 27. Rg1 Ke7 28. Rxg7+ Kf6 29. Rg6+ Kf7 30. Rxh6 Kg7
31. d3 Nb6 32. Rxe6 Bb8 33. Bb2 Nd7 34. Re7+ Kf6 35. Rxd7
1-0

[Event "TROY"]
[Site "SchemingMind.com"]
[Date "2006.09.25"]
[Round "-"]
[White "Everland"]
[Black "jayfive"]
[Result "1-0"]
[WhiteCountry "GBR"]
[BlackCountry "GBR"]
[WhiteElo "1541"]
[WhiteRD "103"]
[BlackElo "1334"]
[BlackRD "77"]
[GameID "69004"]

1. e4 e5 2. Nf3 Nc6 3. Nc3 d6 4. Bb5 a6 5. Bxc6+ bxc6 6. O-O Nf6 7. d4 exd4 8. Nxd4 Qe7 9. Re1 Qe5 10. Nxc6 Qc5
11. Nd4 g6 12. Bg5 Ng4 13. Na4 Qxg5 14. Nf3 Qb5 15. Nc3 Qxb2 16. Nd5 Qb7 17. h3 h5 18. hxg4 hxg4 19. Nh2 Rh4 20. Rb1 Qa7
21. Nf6+ Kd8 22. Nfxg4 f5 23. exf5 Bxf5 24. Nf6 Be7 25. Nd5 Bg5 26. Nf3 Rf4 27. Nxf4 Bxf4 28. Qe2 Kd7 29. Nh4 Qc5 30. Qf3 Bg3
31. Qxg3 Rg8 32. Nxf5 Qxf5 33. Qe3 Rf8 34. Qe7+ Kc6 35. Re2 Qf6 36. Qe4+ Kd7 37. Qa4+ c6 38. Rb7+ Kc8 39. Qxc6+
1-0